000 00430nam a2200169Ia 4500
005 20250508150340.0
008 008 250505s9999 xx 000 0 eng d
037 _aTextual
040 _aFEDL
_beng
_cFEDL
041 _aeng
_2eng
084 _a741, LOO
_qFEDL
100 _aLoomis Andrews
_9756469
245 0 _aCreative illustrations
300 _a300p.
942 _cTEXL
_h741, LOO
999 _c1323133
_d1323133